000 00222nam a22000857a 4500
008 160831b xxu||||| |||| 00| 0 eng d
100 _9284
_aTayal B.B
245 _aSocial Science-VII
260 _aNew Delhi
_bArya publication
_c2016
999 _c2942
_d2942